Eastern Utah Libraries Catalog: Duchesne, Heber, Roosevelt, & Vernal

Brontosaurus / (Record no. 405765)

MARC details
000 -LEADER
fixed length control field 01753cam a22005058i 4500
001 - CONTROL NUMBER
control field 1429670175
003 - CONTROL NUMBER IDENTIFIER
control field OCoLC
005 - DATE AND TIME OF LATEST TRANSACTION
control field 20250319154234.0
008 - FIXED-LENGTH DATA ELEMENTS--GENERAL INFORMATION
fixed length control field 240411s2024 nyua a 000 1 eng
010 ## - LIBRARY OF CONGRESS CONTROL NUMBER
LC control number 2024013143
020 ## - INTERNATIONAL STANDARD BOOK NUMBER
International Standard Book Number 9780593660362
Qualifying information (board)
020 ## - INTERNATIONAL STANDARD BOOK NUMBER
International Standard Book Number 0593660366
Qualifying information (board)
020 ## - INTERNATIONAL STANDARD BOOK NUMBER
Cancelled/invalid ISBN 9780593660379
Qualifying information (kindle edition)
020 ## - INTERNATIONAL STANDARD BOOK NUMBER
Cancelled/invalid ISBN 9780593753316
Qualifying information (epub)
035 ## - SYSTEM CONTROL NUMBER
System control number (OCoLC)1429670175
040 ## - CATALOGING SOURCE
Original cataloging agency DLC
Language of cataloging eng
Description conventions rda
Transcribing agency DLC
Modifying agency OCLCO
-- BDX
-- SDG
-- OCLCO
-- JAS
042 ## - AUTHENTICATION CODE
Authentication code pcc
050 00 - LIBRARY OF CONGRESS CALL NUMBER
Classification number PZ8.3.F7736
Item number Br 2024
082 00 - DEWEY DECIMAL CLASSIFICATION NUMBER
Classification number [E]
Edition number 23
092 ## - LOCALLY ASSIGNED DEWEY CALL NUMBER (OCLC)
Classification number children board book
Item number Forester
100 1# - MAIN ENTRY--PERSONAL NAME
Personal name Forester, J. D.,
Relator term author.
9 (RLIN) 6494713
245 10 - TITLE STATEMENT
Title Brontosaurus /
Statement of responsibility, etc by J.D. Forester ; illustrated by Sarah Rebar.
264 #1 - Production, Publication, Distribution, Manufacture, and Copyright Notice.
Place of production, publication, distribution, manufacture New York :
Name of producer, publisher, distributor, manufacturer Grosset & Dunlap,
Date of production, publication, distribution, manufacture, or copyr 2024.
300 ## - PHYSICAL DESCRIPTION
Extent 1 volume (unpaged) :
Other physical details color illustrations ;
Dimensions 18 cm.
336 ## - Content Type
Content type term text
336 ## - Content Type
Content type term still image
337 ## - Media type
Media type term unmediated
338 ## - Carrier type
Carrier type term volume
490 1# - SERIES STATEMENT
Series statement My tiny dino library.
500 ## - GENERAL NOTE
General note Cover title.
500 ## - GENERAL NOTE
General note On die-cut board pages.
520 ## - SUMMARY, ETC.
Summary, etc Brontosaurus stomps and roars as the "thunder lizard" dinosaur.
521 ## - TARGET AUDIENCE NOTE
Target audience note Ages 1-3.
Source Grosset & Dunlap.
650 #0 - SUBJECT ADDED ENTRY--TOPICAL TERM
Topical term or geographic name as entry element Apatosaurus
Form subdivision Juvenile fiction.
9 (RLIN) 5746927
650 #0 - SUBJECT ADDED ENTRY--TOPICAL TERM
Topical term or geographic name as entry element Dinosaurs
Form subdivision Juvenile fiction.
9 (RLIN) 5675178
650 #1 - SUBJECT ADDED ENTRY--TOPICAL TERM
Topical term or geographic name as entry element Stories in rhyme.
650 #1 - SUBJECT ADDED ENTRY--TOPICAL TERM
Topical term or geographic name as entry element Apatosaurus
Form subdivision Fiction.
9 (RLIN) 5746928
650 #1 - SUBJECT ADDED ENTRY--TOPICAL TERM
Topical term or geographic name as entry element Dinosaurs
Form subdivision Fiction.
9 (RLIN) 5674710
655 #7 - INDEX TERM--GENRE/FORM
Genre/form data or focus term Stories in rhyme.
Source of term lcgft.
655 #7 - INDEX TERM--GENRE/FORM
Genre/form data or focus term Picture books.
Source of term lcgft.
655 #7 - INDEX TERM--GENRE/FORM
Genre/form data or focus term Histoires rimées.
Source of term rvmgf
9 (RLIN) 6450377
700 1# - ADDED ENTRY--PERSONAL NAME
Personal name Rebar, Sarah,
Relator term illustrator.
9 (RLIN) 6366088
800 1# - SERIES ADDED ENTRY--PERSONAL NAME
Personal name Forester, J. D.
Title of a work My tiny dino library.
9 (RLIN) 6489791
942 ## - ADDED ENTRY ELEMENTS (KOHA)
Source of classification or shelving scheme Dewey Decimal Classification
Koha item type BOOK
Holdings
Withdrawn status Lost status Source of classification or shelving scheme Damaged status Not for loan Collection code Home library Current library Shelving location Date acquired Source of acquisition Total Checkouts Total Renewals Full call number Barcode Checked out Date last seen Date checked out Cost, replacement price Price effective from Koha item type
    Dewey Decimal Classification     Children Board Books Wasatch County Library Wasatch County Library Main Floor Childrens Area 03/19/2025 Penworthy 8 7 BB Forester 34301002149377 05/02/2026 03/06/2026 03/06/2026 7.99 03/19/2025 BOOK
This project was made possible through a grant from the Institute of Museum and Library Service administered by the Utah State Library Division.

Wasatch County Library

  • 465 East 1200 South, Heber City, Utah 84032
  • Phone 435-654-1511 | Fax 435-654-6456

Hours

  • Monday - Friday 9:30 AM - 8:00 PM
  • Saturday 9:30 AM - 1:30 PM
  • Closed Sundays and Holidays